| 000 | 01699cam a22004694a 4500 | ||
|---|---|---|---|
| 003 | PE-LiUPU | ||
| 005 | 20250731172829.0 | ||
| 008 | 040314s2012 sp g 01 dspa | ||
| 020 | _a9788422015697 | ||
| 035 | _a(Sirsi) i9788422015697 | ||
| 035 | _a(Sirsi) 52101 | ||
| 035 | _a(Sirsi) 52101 | ||
| 041 | _aspa | ||
| 044 | _asp | ||
| 082 | 0 | 4 |
_a272 _bR94 2012 |
| 245 | 0 | 0 |
_aActas de los mártires : _bintroducciones, notas y versión española / _cDaniel Ruiz Bueno. |
| 264 | 1 |
_aMadrid : _bBiblioteca de Autores Cristianos, _c2012 |
|
| 300 |
_a929 p. : _c20 centímetros. |
||
| 490 | 1 |
_aBAC Selecciones ; _v11) |
|
| 501 |
_aPaulinas _cCompra _fTeología _h54 _d20131119 |
||
| 505 | 0 | _aMartirio y testimonio -- Mártires del siglo I -- La pasión de nuestro Señor Jesucristo -- Mártires del siglo II -- Los mártires de Bitinia bajo trajano -- Mártires del siglo III -- Martirio de las santas Perpetua y felicidad y de sus compa. | |
| 526 | _aSEG42 | ||
| 526 | _aSEG41 | ||
| 526 | _aSEG40 | ||
| 526 | _aSEG39 | ||
| 526 | _aP94 | ||
| 526 | _aP87 | ||
| 526 | _aP86 | ||
| 526 | _aP85 | ||
| 526 | _aP77 | ||
| 526 | _aP76 | ||
| 526 | _aP35 | ||
| 650 | 1 | 4 |
_aMártires cristianos _zRoma. |
| 650 | 2 | 4 | _aMartirologios. |
| 700 | 1 |
_aRuiz Bueno, Daniel, _eed. |
|
| 859 | _q69511 | ||
| 910 | _agl20131210 | ||
| 942 |
_2ddc _cBOOK |
||
| 949 |
_i69511 _lCCODEBUL1 _mBUL _tLIBRO _o.STAFF. Colección Teología |
||
| 596 | _a1 | ||
| 999 |
_a272 R94 2012 _wDEWEY _c6041 _i69511 _d6041 _e2019-4-8 _f2021-11-11 _g5 _lCCODEBUL1 _mBUL _n3 _p54.00 _q4 _r0 _sY _tBOOK _u2015-7-6 _xTEOLOGIA _PP35 _0COMPRA _o.STAFF. Colección Teología |
||
| 980 |
_81 _gALBERTO SANCHEZ Responsable de Automatización |
||